00322 a2200121 4500001000700000020000600007040001100013100003000024240006500054245006000119362000900179440001200188169922 a  cMagnum aWerebe, Maria Jose Garcia10a30 Anos depois grandezas e miserias do ensino no brasillpor10a30 Anos depois grandezas e miserias do ensino no brasil0 a1899 1aÁtica